000 00560nam a2200205Ia 4500
005 20250508170032.0
008 008 250505s9999 xx 000 0 eng d
037 _aTextual
040 _aFEDL
_beng
_cFEDL
041 _aeng
_2eng
084 _a400, CAR
_qFEDL
100 _aCarter Ronald Ed.
245 0 _aLinguistics and the teacher
260 _aLondon, UK
_bRoutledge and Kegan Paul
_c1982
300 _a197p.
365 _aGBP
_b5.95
546 _aGifted by Prof. Anita Rampal
942 _cTEXL
_h400, CAR
999 _c1398828
_d1398828